00578nam a2200157 a 450000100100000000500170001000800410002704000250006808200160009310000260010924501060013526000500024130000350029150000630032670000310038900002234820200930011708.0101004s1989 dr ac r 001 0 spa d aDO-SdBNPbspacBNPHU axxxxbS718m1 aSoto Ricart, Humberto10aMuseo del hombre dominicano :bcatálogo general /cHumberto Soto Ricart, Fausto Arturo Rodríguez. aSanto Domingo :bEdiciones Culturales,c1989. a131 p. :bil, retrs. ;c21 cm. aIncluye datos biográficos del autor en la contracubierta1 aRodríguez, Fausto Arturo